[Event "Arber op 8th"]
[Site "Bodenmais"]
[Date "2019.08.02"]
[Round "7"]
[White "Kiwitz, Henri"]
[Black "Fruehe, Norbert"]
[Result "1/2-1/2"]
[WhiteElo "1755"]
[BlackElo "1936"]
[PlyCount "88"]
[EventDate "2019.07.27"]
[EventType "swiss"]
[EventRounds "9"]
[EventCountry "GER"]
[SourceTitle "CBM 191 Extra"]
[Source "ChessBase"]
[SourceDate "2019.09.30"]
[SourceVersion "1"]
[SourceVersionDate "2019.09.30"]
[SourceQuality "1"]

1. d4 Nf6 2. Bf4 d5 3. e3 c6 4. c3 Bf5 5. Nf3 Nbd7 6. Nbd2 e6 7. Qb3 Qb6 8. Nh4 Qxb3 9. axb3 Bg4 10. h3 Bh5 11. g4 Bg6 12. Nxg6 hxg6 13. Bg2 Be7 14. e4 dxe4 15. Nxe4 Nxe4 16. Bxe4 Nf6 17. Bg2 Nd5 18. Bg3 Bh4 19. Bxd5 exd5 20. Bxh4 Rxh4 21. Ke2 Kd7 22. Kf3 g5 23. Kg3 g6 24. f4 f6 25. fxg5 fxg5 26. Raf1 Rh7 27. Rf6 Rg7 28. Re1 Re8 29. Rxe8 Kxe8 30. h4 gxh4+ 31. Kxh4 Rh7+ 32. Kg5 Rh2 33. Kxg6 Rxb2 34. g5 Rxb3 35. Kg7 a5 36. Re6+ Kd7 37. Kf7 Rxc3 38. g6 Rg3 39. Rf6 a4 40. g7 b5 41. Rg6 Rf3+ 42. Rf6 Rg3 43. Rg6 Rf3+ 44. Rf6 Rg3 1/2-1/2

[Event "Arber op 6th"]
[Site "Bodenmais"]
[Date "2017.07.30"]
[Round "2"]
[White "Kiwitz, Henri"]
[Black "Medunova, Vera"]
[Result "0-1"]
[WhiteElo "1721"]
[BlackElo "2103"]
[PlyCount "92"]
[EventDate "2017.07.29"]
[EventType "swiss"]
[EventRounds "9"]
[EventCountry "GER"]
[SourceTitle "CBM 179 Extra"]
[Source "ChessBase"]
[SourceDate "2017.08.23"]
[SourceVersion "1"]
[SourceVersionDate "2017.08.23"]
[SourceQuality "1"]

1. Nf3 c5 2. c4 Nf6 3. d4 cxd4 4. Nxd4 e5 5. Nb5 d5 6. cxd5 Bc5 7. N5c3 0-0 8. g3 Ng4 9. e3 f5 10. Be2 Nf6 11. a3 Nbd7 12. b4 Bd6 13. Nd2 Nb6 14. Nb3 a6 15. Bb2 Qe7 16. Na5 Kh8 17. Qb3 Rb8 18. Rc1 Bd7 19. Rc2 Rfc8 20. Rd2 h6 21. Nc4 Nxc4 22. Bxc4 Be8 23. b5 Rc5 24. a4 axb5 25. Bxb5 Bf7 26. 0-0 Rbc8 27. Rc1 Nxd5 28. Rxd5 Bxd5 29. Nxd5 Rxc1+ 30. Bxc1 Rxc1+ 31. Kg2 Qf7 32. Qd3 e4 33. Qd2 Rc5 34. Nf4 Bxf4 35. exf4 Qd5 36. Qb2 e3+ 37. Kh3 exf2 38. Qxf2 Rxb5 39. axb5 Qxb5 40. Qc2 Qd5 41. Qc8+ Kh7 42. Kh4 b5 43. Qf8 Qe4 44. Qf7 b4 45. Qb3 Qg2 46. h3 Qe4 0-1

[Event "Arber op 5th"]
[Site "Bodenmais"]
[Date "2016.07.30"]
[Round "1"]
[White "Kiwitz, Henri"]
[Black "Herbold, Manfred"]
[Result "0-1"]
[WhiteElo "1811"]
[BlackElo "2143"]
[PlyCount "70"]
[EventDate "2016.07.30"]
[EventType "swiss"]
[EventRounds "9"]
[EventCountry "GER"]
[SourceTitle "CBM 173 Extra"]
[Source "ChessBase"]
[SourceDate "2016.08.29"]
[SourceVersion "1"]
[SourceVersionDate "2016.08.29"]
[SourceQuality "1"]

1. Nf3 d6 2. d4 g6 3. e4 Bg7 4. Nc3 a6 5. Be2 b5 6. a3 Bb7 7. Be3 Nd7 8. 0-0 Ngf6 9. d5 c5 10. Nd2 0-0 11. f4 e6 12. dxe6 fxe6 13. e5 Nd5 14. Nxd5 exd5 15. e6 Nb6 16. f5 d4 17. Bf4 Nd5 18. Bd3 c4 19. Be4 gxf5 20. Bf3 Qe7 21. Bh5 Qxe6 22. Re1 Qf6 23. Qf3 Nxf4 24. Qxf4 Bh6 25. Qg3+ Kh8 26. Nf3 Be3+ 27. Kh1 Rg8 28. Qh3 f4 29. Bg4 Rg6 30. Bd7 Rag8 31. Re2 d3 32. cxd3 cxd3 33. Ree1 Rxg2 34. Bf5 Qg7 35. Bxd3 Rg1+ 0-1

[Event "Herne op 5th"]
[Site "Herne"]
[Date "2016.05.28"]
[Round "6"]
[White "Kiwitz, Henri"]
[Black "Winzbeck, Frank"]
[Result "0-1"]
[WhiteElo "1823"]
[BlackElo "1876"]
[PlyCount "102"]
[EventDate "2016.05.25"]
[EventType "swiss"]
[EventRounds "7"]
[EventCountry "GER"]
[SourceTitle "CBM 172 Extra"]
[Source "ChessBase"]
[SourceDate "2016.06.21"]
[SourceVersion "1"]
[SourceVersionDate "2016.06.21"]
[SourceQuality "1"]

1. d4 Nf6 2. c4 e6 3. Nc3 Bb4 4. Qc2 c5 5. dxc5 Qa5 6. Bd2 Qxc5 7. a3 Bxc3 8. Qxc3 0-0 9. Nf3 a5 10. g3 b6 11. Bg2 Bb7 12. 0-0 Ne4 13. Qc2 Nxd2 14. Nxd2 Bxg2 15. Kxg2 Rd8 16. Rac1 Na6 17. Ne4 Qc6 18. f3 f5 19. Nc3 Nc5 20. Qd1 a4 21. Rc2 d5 22. cxd5 exd5 23. Na2 d4 24. Nb4 Qf6 25. Nd3 Rac8 26. Nxc5 bxc5 27. Qd3 Kh8 28. Rfc1 Rd5 29. Rc4 Qb6 30. R1c2 Qb3 31. Qxb3 axb3 32. Rd2 Kg8 33. Rd3 Re5 34. Kf2 Rce8 35. Rd2 Kf7 36. f4 Rd5 37. Rd3 Rb8 38. Ra4 Rb7 39. Rc4 Ke6 40. Ra4 Kd6 41. Ra6+ Kc7 42. Ra4 Kc6 43. Rc4 Rdd7 44. e3 Kb5 45. Rc1 dxe3+ 46. Kxe3 c4 47. Rxd7 Rxd7 48. Rc3 Rd1 49. h4 Rb1 50. a4+ Kc5 51. a5 Rxb2 0-1